000 01340nam a2200277 i 4500
001 158003
003 ES-MaACL
005 20250807122738.0
008 960320s1890 sp a |||| | spa d
100 1 _aCedillo, Jerónimo López de Ayala y Álvarez de Toledo,
_cConde de,
_d1862-1934
_937325
245 1 0 _aToledo :
_bguía artístico-práctica /
_cpor el Vizconde de Palazuelos ; versión francesa de Mr. Charles Docteur ; dibujos a pluma de S. Azpiazu ; fotograbados de Laurent ; plano topogáfico.
260 _aToledo :
_bImp., Librería. y Enc. de Menor Hermanos,
_c1890.
300 _aXX, 1195 p., 1 plano pleg. :
_bil. ;
_c19 cm.
500 _aÍndices.
530 _aDisponible en formato digital.
546 _aTexto paralelo en español y francés.
597 _aEjemplar falto de p. 1184-1195.
651 4 _aToledo-
_vGuías turísticas.
_99443
700 1 _aDocteur, Charles.
_9126812
700 1 _aAzpiazu, S.
_9125768
700 1 _aLaurent, J.,
_d1816-1886
_9147296
852 _aES-MaACL
_jC-17
_z- Enc. hol.
_z- Dedicatoria autógrafa del autor
856 _uhttps://bvpb.mcu.es/es/consulta/registro.do?id=469548
_zBiblioteca Virtual del Patrimonio Bibliográfico
856 _uhttps://descargasarchivo.toledo.es/viewer.vm?id=0000008000
_zArchivo Municipal de Toledo
999 _c158003
_d158003